[Event "PAR-ch Mayor"]
[Site "Asuncion"]
[Date "1998.06.12"]
[Round "3"]
[White "Curatola, Clemente"]
[Black "Santacruz, Cesar S"]
[Result "1/2-1/2"]
[WhiteElo "2220"]
[BlackElo "2300"]
[PlyCount "55"]
[EventDate "1998.06.11"]
[EventType "swiss"]
[EventRounds "11"]
[EventCountry "PAR"]
[SourceTitle "EXT 2002"]
[Source "ChessBase"]
[SourceDate "2001.11.25"]
[SourceVersion "1"]
[SourceVersionDate "2001.11.25"]
[SourceQuality "1"]

1. d4 Nf6 2. Bg5 Ne4 3. Bf4 c5 4. f3 Qa5+ 5. c3 Nf6 6. Nd2 cxd4 7. Nb3 Qb6 8. Qxd4 Qxd4 9. cxd4 Nc6 10. e4 e6 11. Bd3 Bb4+ 12. Kf2 0-0 13. Ne2 d5 14. e5 Nd7 15. Rac1 a6 16. a3 Be7 17. Bd2 f6 18. exf6 Bxf6 19. Rhe1 e5 20. dxe5 Ndxe5 21. Bb1 Nc4 22. Nc3 Nd4 23. Nxd5 Bh4+ 24. g3 Nxb3 25. Rxc4 Nxd2 26. Bxh7+ Kh8 27. Rxh4 Nxf3 28. Rf4 1/2-1/2

[Event "San Cristobal op"]
[Site "San Cristobal"]
[Date "1998.??.??"]
[Round "4"]
[White "Curatola, Clemente"]
[Black "Garcia, Alfredo"]
[Result "1/2-1/2"]
[WhiteElo "2220"]
[BlackElo "2220"]
[PlyCount "44"]
[EventDate "1998.05.??"]
[EventType "swiss"]
[EventRounds "7"]
[EventCountry "PAR"]
[SourceTitle "EXT 2001"]
[Source "ChessBase"]
[SourceDate "2000.11.22"]
[SourceVersion "1"]
[SourceVersionDate "2000.11.22"]
[SourceQuality "1"]

1. d4 Nf6 2. Bg5 d5 3. Nc3 e6 4. e4 dxe4 5. Nxe4 Be7 6. Bxf6 Bxf6 7. Nf3 0-0 8. c3 b6 9. Bd3 Bb7 10. Qe2 Nd7 11. 0-0-0 Qe7 12. g4 g6 13. h4 e5 14. dxe5 Bxe5 15. Kb1 Bg7 16. h5 Nf6 17. Nfd2 Nxe4 18. Bxe4 Bxe4+ 19. Nxe4 Rae8 20. f3 f5 21. hxg6 hxg6 22. Qc4+ Qf7 1/2-1/2

[Event "CHI Mayor op"]
[Site "Chile"]
[Date "1997.??.??"]
[Round "?"]
[White "Curatola, Clemente"]
[Black "Cubas, Jose Fernando"]
[Result "1/2-1/2"]
[WhiteElo "2215"]
[BlackElo "2110"]
[PlyCount "31"]
[EventDate "1997.??.??"]
[EventType "swiss"]
[EventRounds "11"]
[EventCountry "CHI"]
[SourceTitle "EXT 1999"]
[Source "ChessBase"]
[SourceDate "1998.11.16"]
[SourceVersion "1"]
[SourceVersionDate "1998.11.16"]
[SourceQuality "1"]

1. d4 d5 2. Bg5 Nf6 3. Bxf6 gxf6 4. e3 e6 5. c4 c5 6. cxd5 Qxd5 7. Nc3 Qd8 8. dxc5 Qxd1+ 9. Rxd1 Bxc5 10. Bb5+ Bd7 11. Nf3 Bb4 12. Nd4 Bxc3+ 13. bxc3 a6 14. Bd3 Nc6 15. Be4 Rc8 16. Nb3 1/2-1/2